Teoretiko-igrovoje informacionnoje modelirovanije v sistemach prinjatija rešenij

Guardado en:
Detalles Bibliográficos
Autor principal: Stognij, Anatolij Aleksandrovič
Otros Autores: Kondrat'jev, Andrej Ivanovič
Formato: Libro
Lenguaje:ruso
Publicado: Kijev Naukova dumka 1986
Edición:1. izd.
Etiquetas: Agregar Etiqueta
Sin Etiquetas, Sea el primero en etiquetar este registro!

MARC

LEADER 00000nam a2200000 4500
001 c023309
005 20221220074232.4
041 0 |a rus 
044 |a UA 
245 1 0 |a Teoretiko-igrovoje informacionnoje modelirovanije v sistemach prinjatija rešenij  |c Anatolij Aleksandrovič Stognij, Andrej Ivanovič Kondrat'jev 
250 |a 1. izd. 
264 1 |a Kijev  |b Naukova dumka  |c 1986 
300 |a 277 s. 
100 1 |a Stognij, Anatolij Aleksandrovič 
700 1 |a Kondrat'jev, Andrej Ivanovič